Introduction to atmospheric chemistry : a companion text to basic physical chemistry for the atmospheric sciences

Αποθηκεύτηκε σε:
Λεπτομέρειες βιβλιογραφικής εγγραφής
Κύριος συγγραφέας: Hobbs, Peter Victor 1936-
Μορφή: Βιβλίο
Γλώσσα:English
Δημοσίευση: Cambridge : Cambridge University Press, 2000
Θέματα:
Ετικέτες: Προσθήκη ετικέτας
Δεν υπάρχουν, Καταχωρήστε ετικέτα πρώτοι!

MARC

LEADER 00000nam a2200000 i 4500
001 1/77221
008 080312s2000 eng d
020 |a 978-0-521-77800-8 
020 |a 0-521-77800-X 
035 |l 10095374 
040 |a GR-MY-UA  |b gre  |e aacr 
041 0 |a eng 
082 0 |a 551.511  |2 (22) 
100 1 |a Hobbs, Peter Victor  |d 1936- 
245 1 0 |a Introduction to atmospheric chemistry :  |b a companion text to basic physical chemistry for the atmospheric sciences /  |c Peter Victor Hobbs 
260 |a Cambridge :   |b Cambridge University Press,   |c 2000 
300 |a 262 σ.;  |b πίν., διαγρ. ;  |c 23 εκ.  
504 |a Ευρετήριο: σ. [242]-262 
650 0 0 |a Atmospheric chemistry. 
852 |a INST  |b LESVOS  |e 20080312  |h 551.511 HOB  |p 005100040599  |q 005100040599  |t BK  |y 0 
901 |a BIBL1-2008-1 
909 |a Λ  |b 144923 
922 |a 1ΕΛΗ  |b 200801  |c ΕΠΕΑΕΚ2/ΤΠ  |d ΕΛΕΥΘΕΡΟΥΔΑΚΗΣ 
970 |a ΧΑΤΖΗΜΙΧΑΗΛ  |b ΜΑΡΙΑ  |z 2008/03/12